| 000 | 00455nam a2200181Ia 4500 | ||
|---|---|---|---|
| 008 | 230524s9999 xx 000 0 und d | ||
| 020 | _a8190089374 | ||
| 082 |
_a621.26 _bMOD |
||
| 100 | _aP.N.Modi | ||
| 245 | 0 | _aHydraulics and Fluid Mechanics Including Hydraulic Machines | |
| 250 | _a15TH | ||
| 260 |
_aNEW DELHI _bSBH _c2005 |
||
| 300 | _aXVI;1256 | ||
| 500 | _aQuantity Number: 92 | ||
| 650 | _aMechanics | ||
| 700 | _a S.M.Seth | ||
| 942 | _cBK | ||
| 999 |
_c28511 _d28511 |
||